| 000 | 00000nas 2200000zi 4500 |
| 001 | 9.877120 |
| 003 | CaOODSP |
| 005 | 20221107164905 |
| 006 | m o d f |
| 007 | cr ||||||||||| |
| 008 | 190729c20179999pic x m o f0###a0eng|d |
| 040 | |aCaOODSP|beng|erda|cCaOODSP |
| 043 | |an-cn--- |
| 086 | 1 |aV3-2E-PDF |
| 130 | 0 |aInfo brief (Canada. Veterans Affairs Canada. Research Directorate) |
| 245 | 10|aInfo brief / |cVeterans Affairs Canada Research Directorate. |
| 264 | 1|a[Charlottetown, PEI] : |bVeterans Affairs Canada = Anciens combattants Canada, |c[2017]- |
| 310 | |aIrregular |
| 336 | |atext|btxt|2rdacontent |
| 337 | |acomputer|bc|2rdamedia |
| 338 | |aonline resource|bcr|2rdacarrier |
| 362 | 1 |aBegan in 2017. |
| 500 | |aIssued also in French under title: Exposé d'information. |
| 692 | 07|2gccst|aVeterans |
| 692 | 07|2gccst|aResearch |
| 710 | 1 |aCanada. |bVeterans Affairs Canada. |bResearch Directorate. |
| 775 | 08|tExposé d'information / |w(CaOODSP)9.877122 |